K problematike využívania základných prostriedkov

Bibliographic Details
Main Author: Strinková, Viera, 1939- (Author)
Format: Article
Language:Slovak
PhysicalDescription:Tb. 3.
Subjects:

MARC

LEADER 00000nab a2200000 a 4500
001 vtls000253527
003 SK-MaSNL
005 20260304052230.0
008 250422c1986 xo 0 slo
015 |a SNBRB19rr/mm-uuuuu 
035 |a CL0263641 
035 |a urn:nbn:sk:snk-ab79nh 
035 |a (uuid)9461b8aa-0afd-4d04-bf29-1c12db06c56c 
035 |a (urnnbn)urn:nbn:sk:snk:ar-a07brv 
035 |a (sysno)vtls000253527 
040 |a SNKBUCL  |b slo  |c SNKBUCL  |e AACR2 
041 0 |a slo 
044 |a xo  |c SK 
080 |a 330.522.2  |2 1981 
100 1 |a Strinková, Viera,  |d 1939-  |4 aut  |9 38969 
245 1 0 |a K problematike využívania základných prostriedkov  |c Viera Strinková 
300 |b Tb. 3. 
650 0 7 |a prostriedky základné  |2 snkbucl  |9 921950 
655 7 |a články z novín a časopisov  |2 snkbucl  |9 267496 
773 0 |t Ekonomika a riadenie priemyslu  |g Roč. 3, č. 1 (1986), s. 19-23 
850 |a Slovenská národná knižnica 
852 |a Slovenská národná knižnica 
954 |a odborná, vedecká literatúra pôvodná (slovenská)  |2 lita 
958 |a article27 
958 |a RK 
958 |a OND 
958 |a EUIPO 
992 |a RBX 
999 |c 2707238  |d 2709168